Wordt geladen...

Freedom struggle

Bibliografische gegevens
Hoofdauteur: Bipan Chandra Amales Tripathi Barun De
Formaat: Printed Book
Gepubliceerd in: New Delhi; National Book Trust, 1992.
Onderwerpen:
LEADER 00486nam a22001337a 4500
082 |a 954.03  |b BIP/F 
100 |a Bipan Chandra  |a Amales Tripathi  |a Barun De 
245 |a Freedom struggle 
260 |a New Delhi;  |b National Book Trust,  |c 1992. 
300 |a 228p. 
650 |a Indian history-freedom movement 
942 |c BK 
999 |c 94318  |d 94318 
952 |0 0  |1 0  |4 0  |6 954_030000000000000_CHA_F  |7 0  |9 86886  |a SSS  |b SSS  |c GEN  |d 2011-06-21  |g 10.50  |l 9  |m 2  |o 954.03 CHA/F  |p SSSMK0024  |r 2015-10-01  |s 2015-05-06  |w 2016-10-27  |y BK